000 00518cam a22001934a 4500
005 20250605164244.0
008 250528s ||||||||||||||||||||||||d
035 _a21423
040 _aGR-AtMCL
_bgre
_dGR-AtMCL
_eAACR2
245 1 _aΕΙΣΑΓΩΓΗ ΣΤΟΝ ΠΡΟΓΡΑΜΜΑΤΙΣΜΟ ΤΗΣ ΓΛΩΣΣΑΣ BASIC
250 _a1
260 _bΓκιουρδας,
_c1988
300 _a434
700 1 _aCashman Th.J
_97461
700 1 _aShelly G.B
_97462
942 _cBK
999 _c6485
_d6485